LIBRARY & INFORMATION CENTRE, KCAET, TAVANUR

ONLINE PUBLIC ACCESS CATALOGUE (OPAC)

Paribashik shabdh kosh / (Record no. 11484)

MARC details
000 -LEADER
fixed length control field 00408cam a2200169ua 4500
041 ## - LANGUAGE CODE
Language code of text/sound track or separate title hin
082 ## - DEWEY DECIMAL CLASSIFICATION NUMBER
Classification number 891.43
Item number RAJ/PA
100 ## - MAIN ENTRY--AUTHOR NAME
Personal name Rajendra, Trivedi .
245 ## - TITLE STATEMENT
Title Paribashik shabdh kosh /
260 ## - PUBLICATION, DISTRIBUTION, ETC. (IMPRINT)
Place of publication :
Name of publisher Atmaram and Sons ,
Year of publication 1955.
300 ## - PHYSICAL DESCRIPTION
Number of Pages 304 ; .
942 ## - ADDED ENTRY ELEMENTS (KOHA)
Koha item type Books
Holdings
Withdrawn status Lost status Damaged status Home library Current library Date acquired Full call number Accession Number Koha item type
Withdrawn     KAUAET Sanskrit University 07/04/2012 891.43 9712 Books
free website counter